| 000 | 01134ngm a22003610a 4500 | ||
|---|---|---|---|
| 001 | PT14850 | ||
| 003 | AR-LpoUNG | ||
| 005 | 20210202000018.0 | ||
| 007 | vd cvaizq | ||
| 008 | 191001s1936||||xxu|||||||||||||||||ita d | ||
| 037 | _c$6.6 | ||
| 040 |
_aAR-LpoUNG _bspa _cAR-LpoUNG _eaacr |
||
| 082 | 0 | _a817 464tie | |
| 100 | 1 |
_aChaplin, Charles _edir. |
|
| 245 | 1 | 0 | _aTiempos modernos |
| 260 |
_as.l. : _bs.n., _c1936. |
||
| 300 | _aVHS (85 min.) : son., byn | ||
| 520 | _aCharlot trabaja al servicio de una poderosa empresa, que lo explota y en la que provoca todos los desastres posibles por su incompatibilidad con las nuevas maquinarias. Paralelamente, los obreros inician manifestaciones de protesta. | ||
| 650 | 4 | _aADAPTACION DE LOS TRABAJADORES | |
| 650 | 4 | _aCAMBIO TECNOLOGICO | |
| 650 | 4 | _aCONDICIONES DE TRABAJO | |
| 650 | 4 | _aDRAMA | |
| 650 | 4 | _aMODERNIZACION | |
| 650 | 4 | _aORGANIZACION DEL TRABAJO | |
| 650 | 4 | _aSATIRA | |
| 651 | 4 | _aEstados Unidos de América | |
| 653 | _aCINE ESTADOUNIDENSE | ||
| 653 | _aCINE MUDO | ||
| 653 | _aCOMEDIA | ||
| 653 | _aVIDEOS | ||
| 905 | _a14850 | ||
| 942 | _cVIDEO | ||
| 999 |
_c53958 _d53958 |
||